00348nam a22001337a 450000500170000000800410001704100130005808200140007110000130008524500560009826000090015430000250016365000260018820231116074758.0231116b |||||||| |||| 00| 0 eng d aEnglish  a344.1 LAB lEnglish  aLabour Act and Rules of the Labour Court of Namibia c2007 b223 pages ; c33 cm. aLegal practice bLaw